000 00826 a2200229 4500
010 _aENG-89703
020 _a818735836X
_c795.00
035 _aEN-73236
037 _bDBAD / VEN
082 1 4 _a280.72
090 _c11512
_d11512
245 1 _aPolitical theologies:
_cedited by Hent de Vries and Lawrence E. Sullivan
_bpublic religions in a post-secular world/
250 _aabridged ed.
260 _aNew Delhi
_bSocial Science Press
_c2007
260 _aNew Delhi
_bOrient Longman,
_c2007
270 _a69, Jor Bagh
_bNew Delhi
_cDelhi
_e110003
_mdelgeneal@orientlongman.com
300 _ax, 359p.
_c25 cm. (Hb)
700 1 _aVries, Hent de
700 1 _aSullivan, Lawrence E.
942 _adpl
_cEN
_k 280.72/ POL
999 _c11196
_d11196